[Event "IECG TG.2004.0.15097"]
[Site "IECG email"]
[Date "2004.??.??"]
[Round "2"]
[White "Hesketh, Richard"]
[Black "Barker, Nick"]
[Result "1-0"]
[WhiteElo "1026"]
[BlackElo "1096"]
[PlyCount "69"]
[EventDate "2004.02.26"]
[EventType "match (corr)"]
[EventRounds "2"]
[SourceTitle "Corr 2008"]
[Source "ChessBase"]
[SourceDate "2008.06.24"]
[SourceVersion "1"]
[SourceVersionDate "2008.06.24"]
[SourceQuality "1"]

1. d4 Nf6 2. Nc3 d5 3. Bg5 Nbd7 4. e3 g6 5. Bd3 Bg7 6. Nf3 0-0 7. 0-0 c5 8. Bxf6 Nxf6 9. dxc5 Qc7 10. b4 Ne4 11. Nb5 Qd8 12. Nfd4 e5 13. Ne2 a6 14. Bxe4 axb5 15. Bxd5 Qg5 16. c3 Kh8 17. Qb3 Qe7 18. e4 f5 19. c4 f4 20. cxb5 Qg5 21. Be6 Rf6 22. Bxc8 Rxc8 23. Rad1 h5 24. f3 Qh4 25. Rd7 g5 26. Qd5 g4 27. Rxg7 Kxg7 28. Qxb7+ Kh6 29. Qxc8 Rg6 30. Qh8+ Kg5 31. Qxe5+ Kh6 32. Qxf4+ Kh7 33. Rd1 Qe7 34. Qf5 Kh6 35. Rd7 1-0

[Event "IECG TG-2003-0-14897"]
[Site "IECG email"]
[Date "2003.06.01"]
[Round "1"]
[White "Barker, Nick"]
[Black "Pratt, Louis"]
[Result "1-0"]
[WhiteElo "1065"]
[BlackElo "1041"]
[PlyCount "65"]
[EventDate "2003.06.01"]
[EventType "tourn (corr)"]
[EventRounds "6"]
[SourceTitle "Corr 2024"]
[Source "ChessBase"]
[SourceDate "2023.10.19"]
[SourceVersion "1"]
[SourceVersionDate "2023.10.19"]
[SourceQuality "1"]

1. d4 d5 2. c4 e6 3. Nc3 Nf6 4. Nf3 Bb4 5. cxd5 exd5 6. Bg5 Bxc3+ 7. bxc3 Bf5 8. e3 0-0 9. c4 c6 10. Be2 h6 11. Bxf6 Qxf6 12. 0-0 Nd7 13. Re1 Nb6 14. cxd5 Nxd5 15. Bc4 Nc3 16. Qb3 Nb5 17. Bxb5 cxb5 18. Qxb5 b6 19. e4 Bg6 20. e5 a6 21. Qe2 Qe6 22. a4 a5 23. Qb5 Rac8 24. d5 Qf5 25. Qxb6 Ra8 26. d6 Rfd8 27. Rac1 Rac8 28. Qxa5 Ra8 29. Qb4 f6 30. e6 Be8 31. Qc4 Rxd6 32. g3 Rxa4 33. Qc8 1-0

[Event "IECG TG-2003-0-14897"]
[Site "IECG email"]
[Date "2003.06.01"]
[Round "2"]
[White "Pratt, Louis"]
[Black "Barker, Nick"]
[Result "0-1"]
[WhiteElo "1041"]
[BlackElo "1065"]
[PlyCount "34"]
[EventDate "2003.06.01"]
[EventType "tourn (corr)"]
[EventRounds "6"]
[SourceTitle "Corr 2024"]
[Source "ChessBase"]
[SourceDate "2023.10.19"]
[SourceVersion "1"]
[SourceVersionDate "2023.10.19"]
[SourceQuality "1"]

1. e4 c5 2. Nf3 Nc6 3. d4 cxd4 4. Nxd4 Nf6 5. Nc3 e5 6. Nxc6 bxc6 7. Bc4 Bb4 8. Bd2 Bxc3 9. Bxc3 Nxe4 10. Bxe5 Qe7 11. Qd4 Qb4+ 12. c3 Qxb2 13. Rd1 d5 14. Bb3 Bg4 15. f3 Qxg2 16. Rf1 Bxf3 17. Rd3 Qe2# 0-1

[Event "IECG CF.2002.0.00039 email"]
[Site "IECG email"]
[Date "2002.12.05"]
[Round "?"]
[White "Bouma, Jan"]
[Black "Barker, Nick"]
[Result "1-0"]
[WhiteElo "1176"]
[BlackElo "1152"]
[PlyCount "45"]
[EventDate "2002.12.05"]
[EventType "tourn (corr)"]
[EventRounds "6"]
[SourceTitle "Corr 2008"]
[Source "ChessBase"]
[SourceDate "2008.06.24"]
[SourceVersion "1"]
[SourceVersionDate "2008.06.24"]
[SourceQuality "1"]

1. d4 d5 2. c4 c6 3. Nf3 Nf6 4. Nc3 dxc4 5. e4 b5 6. e5 Nd5 7. a4 e6 8. Ng5 Be7 9. Nge4 b4 10. Nb1 f5 11. exf6 Nxf6 12. Nxf6+ Bxf6 13. Bxc4 0-0 14. Be3 c5 15. Qf3 cxd4 16. Bf4 d3 17. Qxa8 Bxb2 18. Qxb8 Qd4 19. 0-0 Bxa1 20. Bd6 Rd8 21. Bxe6+ Kh8 22. Bxc8 Rxd6 23. Bd7# 1-0

[Event "IECG CF.2002.0.00037 email"]
[Site "IECG email"]
[Date "2002.11.14"]
[Round "?"]
[White "Barker, Nick"]
[Black "Bouma, Jan"]
[Result "0-1"]
[WhiteElo "1152"]
[BlackElo "1176"]
[PlyCount "88"]
[EventDate "2002.11.14"]
[EventType "tourn (corr)"]
[EventRounds "6"]
[SourceTitle "Corr 2008"]
[Source "ChessBase"]
[SourceDate "2008.06.24"]
[SourceVersion "1"]
[SourceVersionDate "2008.06.24"]
[SourceQuality "1"]

1. Nf3 Nf6 2. g3 d5 3. Bg2 c6 4. 0-0 Bf5 5. d3 e6 6. Nbd2 Be7 7. Qe1 0-0 8. e4 dxe4 9. dxe4 Bg6 10. b3 Na6 11. Bb2 Qa5 12. Qe2 Rfd8 13. Nc4 Qh5 14. Bxf6 Bxf6 15. e5 Be7 16. Rad1 Nb4 17. Ne3 Nd5 18. Nxd5 cxd5 19. c4 Be4 20. cxd5 exd5 21. Nd4 Qxe5 22. f3 Bc5 23. fxe4 Bxd4+ 24. Kh1 dxe4 25. Qc4 Qd5 26. Qxd5 Rxd5 27. Bxe4 Rd7 28. Bf5 Rd6 29. Be4 Rad8 30. Bxb7 g6 31. Rf4 Kg7 32. Re1 R8d7 33. Bg2 f5 34. Bf1 Kf6 35. Bb5 Rc7 36. Bc4 Re7 37. Ref1 Bb6 38. g4 Be3 39. R4f3 f4 40. h4 g5 41. h5 h6 42. b4 Rd4 43. b5 Rxc4 44. Rd1 Rb4 0-1

[Event "IECG CE.2001.0.00018 email"]
[Site "IECG email"]
[Date "2001.12.11"]
[Round "?"]
[White "Barker, Nick"]
[Black "Prieto, Carlos"]
[Result "0-1"]
[WhiteElo "1300"]
[BlackElo "1203"]
[PlyCount "44"]
[EventDate "2001.12.11"]
[EventType "tourn (corr)"]
[EventRounds "6"]
[SourceTitle "Corr 2008"]
[Source "ChessBase"]
[SourceDate "2008.06.24"]
[SourceVersion "1"]
[SourceVersionDate "2008.06.24"]
[SourceQuality "1"]

1. d4 d5 2. c4 dxc4 3. Nf3 Nf6 4. e3 Bg4 5. Bxc4 e6 6. Nc3 Nbd7 7. 0-0 Bd6 8. e4 e5 9. Bxf7+ Kxf7 10. Qb3+ Ke7 11. Ng5 Qg8 12. Nd5+ Nxd5 13. exd5 exd4 14. Re1+ Kf8 15. Ne6+ Bxe6 16. dxe6 Nc5 17. Qf3+ Ke8 18. Qd5 Rd8 19. Bg5 Bxh2+ 20. Kxh2 Rxd5 21. e7 Rxg5 22. Rad1 Qd5 0-1

[Event "IECG CE.2001.0.00018 email"]
[Site "IECG email"]
[Date "2001.12.11"]
[Round "?"]
[White "Cornacchini, Gabriele"]
[Black "Barker, Nick"]
[Result "1-0"]
[WhiteElo "1231"]
[BlackElo "1300"]
[PlyCount "65"]
[EventDate "2001.12.11"]
[EventType "tourn (corr)"]
[EventRounds "6"]
[SourceTitle "Corr 2008"]
[Source "ChessBase"]
[SourceDate "2008.06.24"]
[SourceVersion "1"]
[SourceVersionDate "2008.06.24"]
[SourceQuality "1"]

1. d4 Nf6 2. c4 e6 3. Nc3 Bb4 4. e3 d5 5. Bd3 b6 6. Qa4+ Nc6 7. Qxc6+ Bd7 8. Qb7 0-0 9. cxd5 Nxd5 10. Bd2 Nxc3 11. bxc3 Ba5 12. Be4 Rb8 13. Qxa7 f5 14. Bf3 Bb5 15. c4 Bxc4 16. Bxa5 bxa5 17. Qxa5 Qd6 18. Qc3 Qa6 19. Be2 Bxe2 20. Nxe2 Rb7 21. Nf4 Rfb8 22. Nd3 h6 23. 0-0 Rb6 24. Nc5 Qc8 25. a4 e5 26. a5 Rg6 27. dxe5 Kh8 28. Rfd1 Rb5 29. e6 Qa8 30. g3 Qc6 31. Rd8+ Kh7 32. e7 Rxc5 33. Qxc5 1-0

[Event "IECG CE.2001.0.00017 email"]
[Site "IECG email"]
[Date "2001.11.28"]
[Round "?"]
[White "Barker, Nick"]
[Black "Cornacchini, Gabriele"]
[Result "0-1"]
[WhiteElo "1300"]
[BlackElo "1231"]
[PlyCount "50"]
[EventDate "2001.11.28"]
[EventType "tourn (corr)"]
[EventRounds "6"]
[SourceTitle "Corr 2008"]
[Source "ChessBase"]
[SourceDate "2008.06.24"]
[SourceVersion "1"]
[SourceVersionDate "2008.06.24"]
[SourceQuality "1"]

1. e4 e5 2. Nf3 Nc6 3. Bc4 Nf6 4. d3 Be7 5. Nc3 d6 6. Bg5 Bg4 7. Qd2 Bxf3 8. gxf3 Nd4 9. 0-0-0 Nxf3 10. Qe3 Nd5 11. Qxf3 Bxg5+ 12. Kb1 Nxc3+ 13. bxc3 0-0 14. Rdg1 Bd2 15. h4 Bxc3 16. h5 c6 17. Qg3 Qf6 18. Bb3 a5 19. h6 g6 20. Rh5 a4 21. Rf5 axb3 22. cxb3 Qd8 23. a4 Rxa4 24. Kc2 Ra2+ 25. Kxc3 Qa5+ 0-1